| 000 | 00531nam a2200253Ia 4500 | ||
|---|---|---|---|
| 001 | 067737 | ||
| 003 | YMCAF | ||
| 005 | 20230512160446.0 | ||
| 008 | 100717s1970 ||||||||||||||||| ||und|d | ||
| 020 | _a- | ||
| 024 | _a67737 | ||
| 035 | _a7200 | ||
| 040 |
_aYMCAF _beng _cIN-KoLT |
||
| 041 | _aeng | ||
| 082 |
_a621.3I _bDES |
||
| 100 | _aDESH PANDE, M V | ||
| 245 | 0 | _aELEMENTS OF ELECTECTRICAL POWER TRASMISSION | |
| 250 | _a- | ||
| 260 |
_b- _c1970 |
||
| 300 | _a536 | ||
| 653 | _a- | ||
| 653 | _a- | ||
| 942 |
_2ddc _cBK |
||
| 999 |
_c4656 _d4656 |
||